| 000 | 03294nam a2200325 i 4500 | ||
|---|---|---|---|
| 003 | CSPC | ||
| 005 | 20250905132216.0 | ||
| 008 | 250904s2024 ph a b 00| 0 eng d | ||
| 040 |
_aCSPC _beng _cCSPC _drda |
||
| 090 | _aUTH BSOA Sa587b 2024 | ||
| 100 | 1 |
_aSan Miguel, Mary Grace _eauthor. |
|
| 245 | 1 | 0 |
_aBridging knowledge gaps : _bexploring the limitations of the library services in Camarines Sur Polytechnic Colleges Buhi Campus / _cMary Grace San Miguel, Joan C. Sergio, Ma. Divina Carla L. Siguenza, Marie Gezel Taburnal, and Arabela Tuazon. |
| 260 |
_aBuhi, Camarines Sur : _bCamarines Sur Polytechnic Colleges, _c2024. |
||
| 300 | _a106 leaves and various pages. | ||
| 336 |
_2rdacontent _atext |
||
| 337 |
_2rdamedia _aunmediated |
||
| 338 |
_2rdacarrier _avolume |
||
| 502 |
_aUndergraduate Thesis (BSOA)- Office Administration _cCamarines Sur Polytechnic Colleges, 2024. |
||
| 520 | _aThis study examines the limitations of library services at Camarines Sur Polytechnic Colleges Buhi Campus, focusing on limitations in the library services, student access and usage patterns. The library in CSPC Buhi's Campus encounters several limitations in terms of compliance. One primary concern is the limited physical space available, which hampers the library capacity to accommodate the growing number of students and provide comfortable study areas. Additionally, the lack of space restricts the ability to store an adequate number of books, thereby limiting the accessible resources for students and faculty. Descriptive method was used to investigate the specific library services offered at CSPC Buhi Campus, including book borrowing, reference assistance, digital resources, and other relevant services, using questionnaire as the main data gathering tool. Findings revealed that most respondents, primarily young individuals aged 18-19, predominantly female, single, and enrolled in the Bachelor of Science in Office Administration (BSOA) program, rarely utilize library resources. While those who do visit the library often spend between 1 and 2 hours, highlighting a potential need for strategies to encourage greater engagement. The study employs the theoretical framework of reciprocal determinism, recognizing the interplay of personal factors, behavior, and environmental conditions in shaping student success. The research aims to identify specific limitations and propose a Library Development Plan to improve library services, ensuring compliance with relevant regulations and enhancing the library's capacity to meet the evolving needs of students and faculty. By addressing these limitations, the study seeks to foster a more vibrant and inclusive learning environment at CSPC Buhi, promoting equitable access to information and fostering academic excellence. | ||
| 700 | 1 |
_aSergio, Joan C., _eauthor. |
|
| 700 | 1 |
_aSiguenza, Maria Divina Carla L., _eauthor. |
|
| 700 | 1 |
_aTaburnal, Marie Gezel _eauthor. |
|
| 700 | 1 |
_aTuazon, Arabela _eauthor. |
|
| 720 | 1 |
_aLuzon, April Z., _eadviser. |
|
| 720 | 1 |
_aTaƱamor, Ma. Bernadette O., _epanelist, chair. |
|
| 720 | 1 |
_aVillar, Mariber M., _epanelist. |
|
| 720 | 1 |
_aAdriano, Rolando B., _epanelist. |
|
| 942 |
_2ddc _n0 _cUM _hSa587b _iBSOA _kUTH _m2024 |
||
| 999 |
_c30347 _d30347 |
||